[Event "Championnat de France - Open B"]
[Site "Aix-les-Bains"]
[Date "????.??.??"]
[Round "6.10"]
[White "Fageot, Julien"]
[Black "Di Nicolantonio, Lucas"]
[Result "1-0"]
[WhiteElo "1985"]
[BlackElo "1848"]
[PlyCount "85"]

1. d4 Nf6 2. c4 e6 3. Nf3 b6 4. g3 Bb7 5. Bg2 Bb4+ 6. Bd2 c5 7. Bxb4 cxb4 8.
O-O O-O 9. Nbd2 d5 10. Ne5 Qe7 11. e3 Nbd7 12. Nd3 Rfe8 13. cxd5 Nxd5 14. Qb3
N7f6 15. Nxb4 Qxb4 16. Qxb4 Nxb4 17. Bxb7 Rab8 18. Bf3 Rbc8 19. Bd1 Rc7 20. a3
Nd3 21. Rb1 Rec8 22. Nb3 Nc1 23. Rxc1 Rxc1 24. Nxc1 Rxc1 25. Bb3 Rc7 26. Rd1
Kf8 27. f3 g5 28. h3 h5 29. Kf2 g4 30. hxg4 hxg4 31. fxg4 Nxg4+ 32. Kf3 Nf6 33.
g4 Ke7 34. g5 Nd7 35. Ke2 e5 36. Rf1 f6 37. gxf6+ Nxf6 38. dxe5 Nd7 39. Rf7+
Kd8 40. e6 Nc5 41. Bd5 Na4 42. Rxc7 Kxc7 43. e7 1-0

[Event "Championnat de France - Open B"]
[Site "Aix-les-Bains"]
[Date "????.??.??"]
[Round "7.1"]
[White "Chapdelaine, Romain"]
[Black "Gertosio, Franck"]
[Result "1/2-1/2"]
[WhiteElo "1970"]
[BlackElo "1903"]
[PlyCount "73"]

1. c4 Nf6 2. Nf3 g6 3. Nc3 Bg7 4. g3 b6 5. Bg2 Bb7 6. O-O O-O 7. d4 c5 8. d5 d6
9. Bg5 Nbd7 10. Qc1 Re8 11. Bh6 Bh8 12. Bh3 Bc8 13. Qf4 Ne5 14. Nxe5 Bxh3 15.
Nd3 Bxf1 16. Rxf1 Qd7 17. f3 Qh3 18. Nf2 Qd7 19. Nce4 Qf5 20. Qd2 Qe5 21. Kg2
Nxe4 22. Nxe4 Qxb2 23. Qf4 Qe5 24. Qh4 Bg7 25. Bf4 Qh5 26. Qxh5 gxh5 27. Ng5
Bh6 28. Nh3 Kg7 29. Bxh6+ Kxh6 30. f4 e6 31. Ng5 Kg6 32. dxe6 fxe6 33. e4 h6
34. Nxe6 Re7 35. f5+ Kf6 36. Kf3 Rae8 37. Rd1 1/2-1/2

[Event "Championnat de France - Open B"]
[Site "Aix-les-Bains"]
[Date "????.??.??"]
[Round "7.2"]
[White "Giry, Jean-Marc"]
[Black "Robert-Dehault, Etienne"]
[Result "1-0"]
[WhiteElo "2000"]
[BlackElo "1950"]
[PlyCount "49"]

1. c4 Nf6 2. g3 e6 3. Bg2 Be7 4. Nc3 d5 5. d4 O-O 6. Nf3 c6 7. b3 Bb4 8. Bd2
Qa5 9. Qc1 Ne4 10. Nxe4 dxe4 11. Bxb4 Qxb4+ 12. Nd2 f5 13. O-O Rd8 14. e3 e5
15. a3 Qd6 16. Rd1 exd4 17. exd4 Qxd4 18. Nxe4 Qb6 19. c5 Qc7 20. Qc4+ Kf8 21.
Ng5 Rxd1+ 22. Rxd1 g6 23. Rd8+ Ke7 24. Qg8 h6 25. Qf8# 1-0

[Event "Championnat de France - Open B"]
[Site "Aix-les-Bains"]
[Date "????.??.??"]
[Round "7.3"]
[White "Lorieux, Christian"]
[Black "Roubaud, Alexandre"]
[Result "0-1"]
[WhiteElo "1961"]
[BlackElo "1842"]
[PlyCount "74"]

1. f4 d5 2. e3 Nf6 3. Nf3 Bf5 4. b3 a6 5. Bb2 c5 6. Be2 Nc6 7. Ne5 e6 8. Nxc6
bxc6 9. d3 Be7 10. O-O h6 11. Nd2 Qb6 12. c4 Rd8 13. g4 Bg6 14. h4 Qc7 15. Qe1
dxc4 16. Nxc4 Bxd3 17. Bxd3 Rxd3 18. Qe2 Qd8 19. Rad1 Rd5 20. Ne5 Qb6 21. Nc4
Qd8 22. Ne5 Qb6 23. Nc4 Qd8 24. e4 Nxe4 25. Rxd5 cxd5 26. Ne5 Qb6 27. f5 Ng3
28. Qf3 Nxf1 29. Nxf7 c4+ 30. Kxf1 Rf8 31. Ne5 exf5 32. Qxd5 fxg4+ 33. Ke2 Qf2+
34. Kd1 Qf1+ 35. Kc2 Rf2+ 36. Kc3 Qe1+ 37. Kxc4 Rc2+ 0-1

[Event "Championnat de France - Open B"]
[Site "Aix-les-Bains"]
[Date "????.??.??"]
[Round "7.4"]
[White "Iwanesko, Alexandre"]
[Black "Bekhouche, Christophe"]
[Result "1/2-1/2"]
[WhiteElo "1882"]
[BlackElo "1954"]
[PlyCount "138"]

1. Nf3 Nf6 2. c4 e6 3. Nc3 d5 4. cxd5 exd5 5. d4 Nbd7 6. Bg5 Bb4 7. Qc2 c5 8.
dxc5 Qa5 9. Bd2 O-O 10. a3 Bxc5 11. Na4 Qc7 12. Nxc5 Qxc5 13. Qxc5 Nxc5 14. Bb4
Nb3 15. Rd1 Re8 16. e3 a5 17. Bc3 Ne4 18. Bb5 Nxc3 19. bxc3 Re7 20. c4 d4 21.
Nxd4 Nc5 22. Nc6 Rd7 23. Ne7+ Kf8 24. Bxd7 Kxe7 25. Bxc8 Rxc8 26. Rd4 Ne6 27.
Rd5 Rxc4 28. O-O Ra4 29. Rb1 Rxa3 30. Rxb7+ Kf6 31. h4 Ra1+ 32. Kh2 a4 33. Ra7
Ra2 34. f4 g6 35. Rdd7 Kf5 36. Kh3 Ra3 37. Ra5+ Kf6 38. Re5 Nxf4+ 39. Kg4 Kxe5
40. exf4+ Kf6 41. g3 h5+ 42. Kh3 Ra1 43. Ra7 a3 44. Ra5 Ra2 45. g4 hxg4+ 46.
Kxg4 Ra1 47. Kg3 a2 48. Kg2 Ke6 49. Kh2 Kd6 50. Kg2 Kc6 51. f5 Kb6 52. Ra3 Kc5
53. Ra5+ Kb4 54. Ra8 Kb3 55. Rb8+ Kc3 56. Ra8 Kb3 57. Rb8+ Kc3 58. Ra8 Kd4 59.
fxg6 fxg6 60. Ra4+ Ke5 61. Ra8 Kf4 62. Ra4+ Ke5 63. Ra8 Kf5 64. Kh2 Kf6 65. Ra7
Kf5 66. Ra4 Ke5 67. Kg2 Kd5 68. Ra5+ Kc4 69. Ra8 Kd4 1/2-1/2

[Event "Championnat de France - Open B"]
[Site "Aix-les-Bains"]
[Date "????.??.??"]
[Round "7.5"]
[White "Le Diouron, Aurelie"]
[Black "Gonzalez, Maxime"]
[Result "1-0"]
[WhiteElo "1995"]
[BlackElo "1824"]
[PlyCount "59"]

1. e4 e6 2. d4 d5 3. Nd2 Nf6 4. e5 Nfd7 5. Bd3 c5 6. c3 Nc6 7. Ndf3 Be7 8. Ne2
cxd4 9. cxd4 a5 10. O-O g5 11. Qd2 h6 12. Ne1 f5 13. exf6 Bxf6 14. Bg6+ Ke7 15.
b3 b5 16. f4 g4 17. Bb2 h5 18. f5 Nf8 19. Nf4 exf5 20. Qe2+ Be6 21. Nc2 Rb8 22.
Bxf5 Qd6 23. Rae1 Nd8 24. Bxe6 Ndxe6 25. Ne3 Nxf4 26. Nxd5+ Kf7 27. Rxf4 Qxd5
28. Qe7+ Kg8 29. Qxf6 Qd8 30. Qf7# 1-0

[Event "Championnat de France - Open B"]
[Site "Aix-les-Bains"]
[Date "????.??.??"]
[Round "7.6"]
[White "Muller, Marion"]
[Black "Fageot, Julien"]
[Result "1/2-1/2"]
[WhiteElo "1728"]
[BlackElo "1985"]
[PlyCount "65"]

1. e4 e6 2. d4 d5 3. Nc3 Bb4 4. Nge2 Ne7 5. a3 Bxc3+ 6. Nxc3 b6 7. Bf4 dxe4 8.
Nxe4 Bb7 9. Bd3 Nd5 10. Be5 f6 11. Bg3 f5 12. Nd2 f4 13. Qh5+ g6 14. Bxg6+ Kd7
15. Bf5 Qf6 16. Bh3 fxg3 17. hxg3 Ne7 18. Nc4 Nf5 19. Ne5+ Kc8 20. O-O-O Nc6
21. Rhe1 Nxe5 22. Rxe5 Ng7 23. Qe2 Kb8 24. f3 a6 25. Bxe6 Nxe6 26. Rxe6 Qg5+
27. Kb1 Qxg3 28. d5 Ka7 29. d6 Rad8 30. d7 Qg7 31. Re7 Qf6 32. Re6 Qf7 33. Re7
1/2-1/2

[Event "Championnat de France - Open B"]
[Site "Aix-les-Bains"]
[Date "????.??.??"]
[Round "7.7"]
[White "Gey, Marc-Emile"]
[Black "Lefebvre, Jeremie"]
[Result "0-1"]
[WhiteElo "1985"]
[BlackElo "1918"]
[PlyCount "48"]

1. Nf3 Nf6 2. g3 g6 3. b3 Bg7 4. Bb2 d5 5. Bg2 O-O 6. O-O c5 7. d3 Nc6 8. Nbd2
Qc7 9. c4 d4 10. a3 a5 11. Ng5 h6 12. Nge4 Nd7 13. f4 f5 14. Nf2 e5 15. fxe5
Ndxe5 16. Nf3 Bd7 17. Bc1 Rae8 18. Ra2 Kh7 19. Bd2 b6 20. Kh1 g5 21. Kg1 Ng6
22. Kh1 Re7 23. Re1 Rfe8 24. Bc1 Nce5 0-1

[Event "Championnat de France - Open B"]
[Site "Aix-les-Bains"]
[Date "????.??.??"]
[Round "7.8"]
[White "Lagunes, Matthieu"]
[Black "Giua, Stephanie"]
[Result "0-1"]
[WhiteElo "1868"]
[BlackElo "1968"]
[PlyCount "46"]

1. e4 c5 2. Nf3 e6 3. d4 cxd4 4. Nxd4 Nf6 5. Nc3 d6 6. Be3 a6 7. Be2 Qc7 8. Qd2
b5 9. Rd1 Bb7 10. f3 Nbd7 11. O-O Ne5 12. Ndxb5 axb5 13. Nxb5 Qd8 14. Qc3 Rc8
15. Qb3 Bc6 16. Nxd6+ Bxd6 17. f4 Qc7 18. Bb6 Qe7 19. Qc3 Nxe4 20. Qd4 Nd7 21.
Bf3 Bc5 22. Bxc5 Qxc5 23. Bxe4 Bxe4 0-1

[Event "Championnat de France - Open B"]
[Site "Aix-les-Bains"]
[Date "????.??.??"]
[Round "7.9"]
[White "Bismuth, Lea"]
[Black "L'Huillier, Robin"]
[Result "1-0"]
[WhiteElo "1931"]
[BlackElo "1885"]
[PlyCount "147"]

1. e4 e5 2. Nc3 Nf6 3. f4 d5 4. fxe5 Nxe4 5. Nf3 Nc6 6. Bb5 Bg4 7. Qe2 Nxc3 8.
dxc3 Qd7 9. Bf4 a6 10. Bd3 Bc5 11. O-O-O O-O-O 12. Bxa6 bxa6 13. Qxa6+ Kb8 14.
e6 fxe6 15. Qb5+ Kc8 16. Qxc5 Rdf8 17. Bg3 Bxf3 18. Rhf1 Qe7 19. Qxe7 Nxe7 20.
gxf3 Rf5 21. Rde1 Kd7 22. Re3 Rhf8 23. a4 Ra8 24. b3 c5 25. Rfe1 Rf6 26. Bh4
Rg6 27. Bxe7 Kxe7 28. Kb2 Ra6 29. Ka3 Rf6 30. b4 Kd6 31. b5 Ra5 32. Kb3 g6 33.
Ka3 Ra8 34. Ra1 Kc7 35. Kb3 Kb6 36. Rae1 Re8 37. c4 d4 38. Rd3 e5 39. a5+ Kb7
40. c3 Rfe6 41. Re4 g5 42. Rd1 Kc7 43. Rg1 h6 44. h4 gxh4 45. Rxh4 R8e7 46.
Rgh1 Rh7 47. cxd4 exd4 48. Rh5 Re3+ 49. Kb2 Rxf3 50. Rxc5+ Kb7 51. Rd5 Rf2+ 52.
Kb3 Rd2 53. Rh4 d3 54. Rhd4 h5 55. Rxd3 Rxd3+ 56. Rxd3 h4 57. Rh3 Rh5 58. Kb4
Kc7 59. c5 Kb7 60. a6+ Ka7 61. Ka5 Rxc5 62. Rxh4 Rg5 63. Rh7+ Ka8 64. Rc7 Kb8
65. Rc6 Ka7 66. Rd6 Rh5 67. Kb4 Rg5 68. Rd7+ Ka8 69. b6 Rg8 70. Kc5 Rh8 71. Kc6
Kb8 72. Rb7+ Ka8 73. Re7 Kb8 74. Kd7 1-0

[Event "Championnat de France - Open B"]
[Site "Aix-les-Bains"]
[Date "????.??.??"]
[Round "7.10"]
[White "Mehiaoui, Dounia"]
[Black "Martin, Bruno"]
[Result "0-1"]
[WhiteElo "1909"]
[BlackElo "1999"]
[PlyCount "100"]

1. e4 d6 2. d4 Nf6 3. Nc3 g6 4. Nf3 Bg7 5. Be2 c6 6. a4 O-O 7. O-O Qc7 8. Be3
e5 9. Nd2 Ng4 10. Bxg4 exd4 11. Bf4 dxc3 12. Nc4 cxb2 13. Rb1 Bxg4 14. Qxg4 Qd7
15. Qxd7 Nxd7 16. Bxd6 Rfe8 17. f3 b5 18. Nxb2 Nb6 19. Rfd1 bxa4 20. Nd3 Nc4
21. Bf4 a3 22. Rb4 Nb2 23. Nxb2 axb2 24. Rb3 a5 25. c3 c5 26. Rb1 a4 27. Ra3
Bxc3 28. Rxc3 a3 29. Rxa3 Rxa3 30. Rxb2 c4 31. Rc2 c3 32. Kf1 Rea8 33. Bc1 Rb3
34. Ke2 Rab8 35. Kd3 Rb2 36. Kxc3 R8b3+ 37. Kd2 Rxc2+ 38. Kxc2 Rb7 39. Kd3 f6
40. f4 Kf7 41. Ke2 Ke6 42. Kf3 f5 43. exf5+ gxf5 44. h3 Rb3+ 45. Be3 h5 46. h4
Kd5 47. g3 Ra3 48. Kf2 Ke4 49. Bc5 Ra2+ 50. Ke1 Kf3 0-1

[Event "Championnat de France - Open B"]
[Site "Aix-les-Bains"]
[Date "????.??.??"]
[Round "8.1"]
[White "Roubaud, Alexandre"]
[Black "Gertosio, Franck"]
[Result "0-1"]
[WhiteElo "1842"]
[BlackElo "1903"]
[PlyCount "94"]

1. e4 d6 2. d4 Nf6 3. Nc3 c6 4. f4 Qa5 5. Bd3 e5 6. dxe5 dxe5 7. fxe5 Ng4 8. h3
Nxe5 9. Bf4 Nbd7 10. Qd2 Be7 11. O-O-O b5 12. Bxe5 Nxe5 13. Bxb5 cxb5 14. Qd5
O-O 15. Qxe5 Bf6 16. Qg3 Bxc3 17. Qxc3 Qxa2 18. Nf3 Be6 19. Qa3 Qc4 20. Qd3 Qa4
21. Qd4 Qa2 22. Qb4 Qa1+ 23. Kd2 Rad8+ 24. Nd4 Qa6 25. Ke3 Bc4 26. Nf5 Qb6+ 27.
Kf3 Qf6 28. Qe7 Qb6 29. Qg5 g6 30. Ne7+ Kg7 31. Nd5 Bxd5 32. exd5 Qc7 33. Qd2
Kg8 34. Rhe1 Rd6 35. g3 Rfd8 36. Re3 Qd7 37. Rd3 Qxh3 38. Qf4 Kg7 39. Ke3 Rf6
40. Qe5 Qg2 41. R1d2 Qg1+ 42. Ke4 Rc8 43. b3 Qf1 44. g4 Kf8 45. g5 Rf4+ 46.
Qxf4 Re8+ 47. Qe5 Qe1+ 0-1

[Event "Championnat de France - Open B"]
[Site "Aix-les-Bains"]
[Date "????.??.??"]
[Round "8.2"]
[White "Bekhouche, Christophe"]
[Black "Giry, Jean-Marc"]
[Result "1-0"]
[WhiteElo "1954"]
[BlackElo "2000"]
[PlyCount "85"]

1. d4 b6 2. Bg5 Bb7 3. Nd2 d5 4. e3 Nd7 5. Ngf3 f6 6. Bh4 Nh6 7. c4 e6 8. Bd3
Bd6 9. Qc2 g6 10. O-O Kf7 11. e4 dxe4 12. Nxe4 Be7 13. c5 Bd5 14. Bc4 Nf5 15.
Bg3 Nxg3 16. fxg3 Kg7 17. Rae1 c6 18. b4 b5 19. Bxd5 exd5 20. Nf2 Re8 21. Nd3
Nf8 22. Rf2 Rc8 23. Rfe2 Rc7 24. Nd2 Rd7 25. Nb3 Qc7 26. Na5 Rc8 27. Nxc6 Bxc5
28. bxc5 Qxc6 29. Re7+ Kg8 30. Nb4 Qb7 31. Qe2 a5 32. c6 Rxc6 33. Nxc6 Qxc6 34.
Qd2 Qd6 35. Re8 Kg7 36. Qxa5 b4 37. Qa8 Qc7 38. Rxf8 Qc3 39. Qe8 Qxd4+ 40. Kh1
Ra7 41. h3 Ra3 42. Rh8 Kh6 43. h4 1-0

[Event "Championnat de France - Open B"]
[Site "Aix-les-Bains"]
[Date "????.??.??"]
[Round "8.3"]
[White "Le Diouron, Aurelie"]
[Black "Bismuth, Lea"]
[Result "1/2-1/2"]
[WhiteElo "1995"]
[BlackElo "1931"]
[PlyCount "75"]

1. e4 c5 2. Nf3 Nc6 3. d4 cxd4 4. Nxd4 Qb6 5. Nb3 Nf6 6. Nc3 e6 7. Be3 Qd8 8.
a3 Be7 9. Be2 O-O 10. O-O b6 11. f4 Bb7 12. Bf3 d6 13. Qe1 Rc8 14. Rd1 Qc7 15.
Qg3 Rfd8 16. f5 Ne5 17. fxe6 Nxf3+ 18. Rxf3 fxe6 19. Bh6 g6 20. Qh3 Qd7 21.
Rdf1 e5 22. Qxd7 Rxd7 23. Rxf6 Bxf6 24. Rxf6 Ba6 25. g3 Rcd8 26. Nd5 Rf7 27.
Bg5 Rdf8 28. Nd2 Rxf6 29. Nxf6+ Kg7 30. Ng4 Kf7 31. Kf2 h5 32. Ne3 Ke6+ 33. Kg2
Rc8 34. c3 Bd3 35. Bh6 Rh8 36. Bg5 Rc8 37. Kh3 Rf8 38. Kg2 1/2-1/2

[Event "Championnat de France - Open B"]
[Site "Aix-les-Bains"]
[Date "????.??.??"]
[Round "8.4"]
[White "Lefebvre, Jeremie"]
[Black "Chapdelaine, Romain"]
[Result "0-1"]
[WhiteElo "1918"]
[BlackElo "1970"]
[PlyCount "62"]

1. d4 Nf6 2. c4 e6 3. Nc3 d5 4. cxd5 exd5 5. Bg5 Be7 6. e3 O-O 7. Bd3 h6 8. Bh4
c6 9. Nge2 b5 10. O-O Nbd7 11. f3 Nb6 12. Bf2 Bd7 13. Ng3 b4 14. Nce2 c5 15.
dxc5 Bxc5 16. Rc1 Qe7 17. Nd4 Nc4 18. Bxc4 dxc4 19. Rxc4 Rad8 20. Qc1 Bb6 21.
Re1 g6 22. Nc6 Bxc6 23. Rxc6 Nd7 24. Rc2 Ne5 25. Ree2 Nd3 26. Qf1 f5 27. Kh1 h5
28. Kg1 Rfe8 29. Red2 Nxf2 30. Rxd8 Rxd8 31. Kxf2 Qxe3# 0-1

[Event "Championnat de France - Open B"]
[Site "Aix-les-Bains"]
[Date "????.??.??"]
[Round "8.5"]
[White "Giua, Stephanie"]
[Black "Iwanesko, Alexandre"]
[Result "1/2-1/2"]
[WhiteElo "1968"]
[BlackElo "1882"]
[PlyCount "94"]

1. e4 c5 2. Nc3 e6 3. g3 Nc6 4. Bg2 g6 5. d3 Bg7 6. f4 d6 7. Nf3 Nge7 8. O-O
O-O 9. Be3 Nd4 10. e5 Nef5 11. Bf2 dxe5 12. Nxe5 f6 13. Nf3 Bd7 14. Ne4 b6 15.
c3 Nxf3+ 16. Bxf3 Qc7 17. Qb3 Rad8 18. Rad1 Kh8 19. Bg2 Bc6 20. Rfe1 Bd5 21.
Qc2 Rfe8 22. g4 Nh6 23. g5 Ng4 24. Bg3 f5 25. Nd2 Bxg2 26. Kxg2 e5 27. fxe5
Bxe5 28. Bxe5+ Rxe5 29. Nf1 Rde8 30. Qd2 Qc6+ 31. Kg1 Qf3 32. Rxe5 Rxe5 33. Re1
f4 34. Rxe5 Nxe5 35. d4 Qg4+ 36. Qg2 Nf3+ 37. Kh1 Qxg2+ 38. Kxg2 Nxg5 39. d5
Nf7 40. Kf3 Kg7 41. Kxf4 Kf6 42. Nd2 g5+ 43. Kg4 Kg6 44. Ne4 c4 45. Kf3 Kf5 46.
Ke3 Ke5 47. d6 Nxd6 1/2-1/2

[Event "Championnat de France - Open B"]
[Site "Aix-les-Bains"]
[Date "????.??.??"]
[Round "8.6"]
[White "Martin, Bruno"]
[Black "Millon, Valentin"]
[Result "1/2-1/2"]
[WhiteElo "1999"]
[BlackElo "1938"]
[PlyCount "69"]

1. d4 Nf6 2. c4 e6 3. Nc3 Bb4 4. f3 d5 5. a3 Bxc3+ 6. bxc3 c5 7. e3 Nc6 8. Bd3
dxc4 9. Bxc4 O-O 10. Ne2 cxd4 11. cxd4 Bd7 12. O-O Rc8 13. Ba2 Na5 14. g4 Bb5
15. Rf2 Nd5 16. Bd2 Bxe2 17. Rxe2 Nc4 18. Bxc4 Rxc4 19. Qb3 Qc7 20. e4 Nc3 21.
Re3 Rc8 22. Kg2 Qc6 23. Bxc3 Rxc3 24. Rxc3 Qxc3 25. Qxc3 Rxc3 26. Rb1 b6 27. a4
Ra3 28. Rb4 g5 29. d5 exd5 30. exd5 Kf8 31. Rc4 Rd3 32. Rc7 a6 33. Ra7 Rxd5 34.
Rxa6 Ra5 35. Rxb6 1/2-1/2

[Event "Championnat de France - Open B"]
[Site "Aix-les-Bains"]
[Date "????.??.??"]
[Round "8.7"]
[White "Fageot, Julien"]
[Black "Castro, John"]
[Result "1/2-1/2"]
[WhiteElo "1985"]
[BlackElo "1901"]
[PlyCount "82"]

1. c4 Nf6 2. Nc3 g6 3. g3 Bg7 4. Bg2 e5 5. Nf3 d6 6. d3 O-O 7. O-O c6 8. e4 Na6
9. Ne1 Re8 10. Nc2 Nc7 11. Ne3 b5 12. cxb5 d5 13. exd5 cxd5 14. Nc2 Bg4 15. f3
Bf5 16. g4 Be6 17. d4 e4 18. g5 exf3 19. Bxf3 Ne4 20. Nxe4 dxe4 21. Be2 Bh3 22.
Re1 Ne6 23. Bg4 Nxg5 24. Bxh3 Nxh3+ 25. Kg2 Ng5 26. Qg4 e3 27. Bxe3 Qd5+ 28.
Kf2 Ne4+ 29. Kg1 Rac8 30. Na3 f5 31. Qf3 f4 32. Bxf4 Bxd4+ 33. Kg2 Bxb2 34.
Rad1 Qxa2 35. Rxe4 Rxe4 36. Qxe4 Bxa3+ 37. Rd2 Qf7 38. Rf2 Qc4 39. Qb7 Rf8 40.
Bg3 Rxf2+ 41. Bxf2 Qg4+ 1/2-1/2

[Event "Championnat de France - Open B"]
[Site "Aix-les-Bains"]
[Date "????.??.??"]
[Round "8.8"]
[White "Neuhauser, Salome"]
[Black "Constantin, Francois"]
[Result "0-1"]
[WhiteElo "1878"]
[BlackElo "1984"]
[PlyCount "72"]

1. d4 f5 2. Bf4 Nf6 3. e3 b6 4. Nf3 Bb7 5. Bd3 e6 6. Nbd2 Be7 7. Qe2 d6 8. h3
Ne4 9. Nxe4 fxe4 10. Bb5+ c6 11. Bc4 exf3 12. Qxf3 d5 13. Bd3 Bf6 14. Qg4 Qe7
15. Bxh7 Nd7 16. Bg6+ Kd8 17. O-O-O Nf8 18. Bd3 Kd7 19. e4 Rh4 20. Qg3 Rxf4 21.
exd5 exd5 22. Rhe1 Qd6 23. c3 Re8 24. Kb1 Rfe4 25. Bxe4 dxe4 26. Qg4+ Qe6 27.
Rxe4 Qxg4 28. Rxg4 Re2 29. f3 Kd6 30. Kc1 Bc8 31. Rg3 Bf5 32. Rd2 Re1+ 33. Rd1
Re2 34. Rd2 Rxd2 35. Kxd2 Ne6 36. Ke3 Bh4 0-1

[Event "Championnat de France - Open B"]
[Site "Aix-les-Bains"]
[Date "????.??.??"]
[Round "8.9"]
[White "Gonzalez, Maxime"]
[Black "Lorieux, Christian"]
[Result "1/2-1/2"]
[WhiteElo "1824"]
[BlackElo "1961"]
[PlyCount "56"]

1. e4 e6 2. d4 d5 3. e5 c5 4. c3 Nc6 5. Nf3 Bd7 6. Bd3 f6 7. O-O cxd4 8. cxd4
fxe5 9. dxe5 g6 10. Nc3 Bg7 11. Qe2 Nge7 12. Bf4 O-O 13. Bg3 Rc8 14. h4 a6 15.
h5 Nf5 16. hxg6 hxg6 17. Bh2 b5 18. Nd1 Be8 19. Ne3 Nh4 20. Nxh4 Qxh4 21. f4 g5
22. f5 Bxe5 23. Bxe5 Nxe5 24. fxe6 Bh5 25. Qd2 Ng4 26. Nxg4 Qxg4 27. e7 Qd4+
28. Kh1 Qh4+ 1/2-1/2

[Event "Championnat de France - Open B"]
[Site "Aix-les-Bains"]
[Date "????.??.??"]
[Round "9.1"]
[White "Gertosio, Franck"]
[Black "Bekhouche, Christophe"]
[Result "1/2-1/2"]
[WhiteElo "1903"]
[BlackElo "1954"]
[PlyCount "25"]

1. e4 c5 2. c3 e6 3. d4 d5 4. e5 Qb6 5. Nf3 Nc6 6. a3 Bd7 7. b4 cxd4 8. cxd4
Rc8 9. Be3 Nh6 10. Bd3 Be7 11. O-O Nf5 12. Nbd2 f6 13. Nb3 1/2-1/2

[Event "Championnat de France - Open B"]
[Site "Aix-les-Bains"]
[Date "????.??.??"]
[Round "9.3"]
[White "Giry, Jean-Marc"]
[Black "Peyre, Thomas"]
[Result "1-0"]
[WhiteElo "2000"]
[BlackElo "1855"]
[PlyCount "79"]

1. c4 e5 2. g3 Nf6 3. Bg2 d5 4. cxd5 Nxd5 5. Nc3 Nb6 6. Nf3 Nc6 7. O-O Be7 8.
d3 O-O 9. Ne1 Be6 10. Bxc6 bxc6 11. Be3 Nd5 12. Bd2 Bh3 13. Ng2 Rb8 14. Rb1 f5
15. Qa4 Qd7 16. Nxd5 Qxd5 17. f3 Kh8 18. Rfc1 Rf6 19. Qxa7 Rff8 20. Qa4 Bc5+
21. Kh1 e4 22. Nf4 Qd6 23. Qc4 Bf2 24. Nxh3 Bxg3 25. Qxc6 Qd4 26. Rc4 Qe5 27.
f4 Qe7 28. hxg3 exd3 29. e3 Qf7 30. Rcc1 Rb6 31. Qg2 Rh6 32. Kg1 Qxa2 33. Ng5
Rb6 34. Bc3 h6 35. Ra1 Qb3 36. Nf3 Rd8 37. Nd4 Qg8 38. Nxf5 d2 39. Rd1 Qe8 40.
Rxd2 1-0

[Event "Championnat de France - Open B"]
[Site "Aix-les-Bains"]
[Date "????.??.??"]
[Round "9.4"]
[White "Iwanesko, Alexandre"]
[Black "Le Diouron, Aurelie"]
[Result "0-1"]
[WhiteElo "1882"]
[BlackElo "1995"]
[PlyCount "82"]

1. Nf3 Nf6 2. c4 g6 3. Nc3 Bg7 4. g3 d6 5. Bg2 O-O 6. O-O e5 7. d3 Re8 8. Rb1
c6 9. Bg5 h6 10. Bxf6 Bxf6 11. b4 Be6 12. b5 Nd7 13. Ne4 Be7 14. c5 dxc5 15.
bxc6 bxc6 16. Qd2 Kh7 17. Rb2 Qc7 18. Rfb1 Rab8 19. Qc2 Rxb2 20. Rxb2 Rb8 21.
Nfd2 f5 22. Nc3 Rxb2 23. Qxb2 Nb6 24. Qc2 Nd5 25. Nc4 Nxc3 26. Qxc3 Bf6 27. f4
Bxc4 28. Qxc4 exf4 29. Qxf4 Qa5 30. h4 Qxa2 31. Qc7+ Bg7 32. Bf3 a5 33. h5 a4
34. hxg6+ Kxg6 35. g4 a3 36. gxf5+ Kh7 37. f6 Qa1+ 38. Kg2 Qxf6 39. Be4+ Kh8
40. Qb8+ Qf8 41. Qa7 Qg8 0-1

[Event "Championnat de France - Open B"]
[Site "Aix-les-Bains"]
[Date "????.??.??"]
[Round "9.5"]
[White "Constantin, Francois"]
[Black "Roubaud, Alexandre"]
[Result "0-1"]
[WhiteElo "1984"]
[BlackElo "1842"]
[PlyCount "70"]

1. c4 e5 2. Nc3 Nc6 3. g3 f5 4. Bg2 Nf6 5. e3 Bc5 6. a3 a5 7. Nge2 d6 8. d4 Ba7
9. Nb5 Bb6 10. O-O O-O 11. Qc2 Qe7 12. c5 dxc5 13. dxc5 Bxc5 14. Nxc7 Qxc7 15.
Qxc5 e4 16. Rd1 b6 17. Qc4+ Kh8 18. Nd4 Rd8 19. Bd2 Rxd4 20. exd4 Ba6 21. Qc1
Qd7 22. Be3 Rc8 23. Qd2 Bc4 24. Rdc1 Bd5 25. b4 a4 26. Bf1 Rd8 27. Bb5 Ng4 28.
Rc3 Qe6 29. Rac1 f4 30. Bxf4 e3 31. Bxe3 Qe4 32. Kf1 Nxh2+ 33. Ke2 Qg4+ 34. Kd3
Be4+ 35. Kc4 Ne5+ 0-1

[Event "Championnat de France - Open B"]
[Site "Aix-les-Bains"]
[Date "????.??.??"]
[Round "9.6"]
[White "Di Nicolantonio, Lucas"]
[Black "Robert-Dehault, Etienne"]
[Result "1-0"]
[WhiteElo "1848"]
[BlackElo "1950"]
[PlyCount "63"]

1. e4 c6 2. d4 d5 3. exd5 cxd5 4. c4 Nf6 5. Nc3 e6 6. Nf3 Bb4 7. c5 O-O 8. Bd3
b6 9. cxb6 Qxb6 10. O-O Ba6 11. Bf4 Bxc3 12. bxc3 Ne4 13. Ng5 Nxg5 14. Bxg5
Bxd3 15. Qxd3 Nd7 16. Rab1 Qc7 17. g3 Rfc8 18. Rb3 Nb6 19. Rfb1 h6 20. Bf4 Qc4
21. Qf3 Qa4 22. Qg4 Kf8 23. Bd6+ Kg8 24. Be5 g6 25. Qh4 Nd7 26. Qxh6 Nxe5 27.
dxe5 Qe4 28. Rb7 Qxe5 29. Rxf7 Kxf7 30. Rb7+ Kf6 31. Qg7+ Kf5 32. Rf7+ 1-0

[Event "Championnat de France - Open B"]
[Site "Aix-les-Bains"]
[Date "????.??.??"]
[Round "9.7"]
[White "Bismuth, Lea"]
[Black "Bollard, Maxime"]
[Result "0-1"]
[WhiteElo "1931"]
[BlackElo "1949"]
[PlyCount "70"]

1. e4 e6 2. Nc3 d5 3. Nf3 d4 4. Ne2 c5 5. Ng3 Nc6 6. Be2 e5 7. O-O f6 8. d3 Be6
9. Nh4 Qd7 10. h3 Bd6 11. Bg4 Nge7 12. Bxe6 Qxe6 13. Nhf5 Nxf5 14. Nxf5 O-O-O
15. Nxg7 Qf7 16. Nf5 Kb8 17. Bd2 Ne7 18. Qf3 h5 19. Kh1 h4 20. a4 Rh5 21. Ba5
Rd7 22. Nxe7 Rxe7 23. Bd2 f5 24. a5 f4 25. c4 Rg5 26. Rab1 Qg8 27. Rg1 Reg7 28.
b4 Qc8 29. bxc5 Bxc5 30. Rb5 Qc6 31. Qd1 Qc8 32. f3 Ka8 33. Be1 Qxh3+ 34. gxh3
Rxg1+ 35. Kh2 R7g2# 0-1

[Event "Championnat de France - Open B"]
[Site "Aix-les-Bains"]
[Date "????.??.??"]
[Round "9.8"]
[White "Castro, John"]
[Black "Martin, Bruno"]
[Result "1/2-1/2"]
[WhiteElo "1901"]
[BlackElo "1999"]
[PlyCount "129"]

1. e4 d6 2. d4 Nf6 3. Bd3 e5 4. c3 c6 5. Nf3 Qc7 6. h3 Be7 7. O-O O-O 8. Nbd2
Nbd7 9. Re1 c5 10. dxe5 dxe5 11. a4 b6 12. Nc4 Bb7 13. Bg5 a6 14. Ne3 Rfe8 15.
Nf5 c4 16. Nxe7+ Rxe7 17. Bc2 Re6 18. Re3 Nc5 19. Qe2 b5 20. Nh4 h6 21. Bxf6
Rxf6 22. Rg3 Kh7 23. Qe3 Rf4 24. Rg4 Rxg4 25. hxg4 g6 26. Nf3 Rd8 27. g3 bxa4
28. Kg2 Kg7 29. Qe2 Nd3 30. Bxd3 Rxd3 31. Ne1 Rd8 32. Rxa4 Rg8 33. Ra1 f5 34.
gxf5 gxf5 35. Kg1 fxe4 36. Ng2 e3 37. Nxe3 Qc6 38. Kh2 Rf8 39. Rg1 Qc5 40. f4
Kh8 41. Nxc4 exf4 42. gxf4 Rxf4 43. Qe8+ Rf8 44. Qe5+ Qxe5+ 45. Nxe5 Rf2+ 46.
Kg3 Rxb2 47. Kf4 Rf2+ 48. Ke3 Rf5 49. Kd4 a5 50. Rg6 Kh7 51. Rb6 Bg2 52. Ra6 a4
53. Ra7+ Kg8 54. c4 Rf4+ 55. Kc5 h5 56. Rxa4 h4 57. Ra3 h3 58. Rg3+ Kh7 59. Ng4
Rf5+ 60. Kd4 Rg5 61. Ke3 h2 62. Rxg2 h1=Q 63. Rh2+ Qxh2 64. Nxh2 Kg7 65. Nf3
1/2-1/2

[Event "Championnat de France - Open B"]
[Site "Aix-les-Bains"]
[Date "????.??.??"]
[Round "9.9"]
[White "Bosel, Gunter"]
[Black "Lefebvre, Jeremie"]
[Result "1-0"]
[WhiteElo "1990"]
[BlackElo "1918"]
[PlyCount "53"]

1. c4 c5 2. Nc3 Nc6 3. g3 g6 4. Bg2 Bg7 5. e4 e6 6. Nge2 Nge7 7. d3 O-O 8. O-O
a6 9. Bf4 d6 10. Qd2 Rb8 11. Bh6 b5 12. Bxg7 Kxg7 13. f4 Qb6 14. b3 f5 15. Kh1
Bb7 16. Rac1 Rbe8 17. Rfd1 b4 18. Na4 Qc7 19. d4 Nb8 20. dxc5 dxc5 21. Qd6 Rc8
22. Qxc7 Rxc7 23. e5 Bxg2+ 24. Kxg2 g5 25. Rd6 Rd7 26. Nxc5 Rxd6 27. exd6 1-0

[Event "Championnat de France - Open B"]
[Site "Aix-les-Bains"]
[Date "????.??.??"]
[Round "9.10"]
[White "Potaux, Olivier"]
[Black "Fageot, Julien"]
[Result "1/2-1/2"]
[WhiteElo "1913"]
[BlackElo "1985"]
[PlyCount "21"]

1. e4 e6 2. d4 d5 3. Nc3 Bb4 4. Nge2 dxe4 5. a3 Be7 6. Nxe4 Nf6 7. N2g3 b6 8.
Bd3 Bb7 9. O-O Nbd7 10. Qe2 O-O 11. Rd1 1/2-1/2